00759cam a2200229 a 450000100100000000500170001000800410002702000310006802000220009904000230012104100380014408200190018210000670020124500600026826000280032830000260035649000290038250000350041165000310044665000230047783000290050000000457920200929151450.0901114s1980 sp a 001 p spa  a8470532219 (obra complera) a8470532235 (v. 2) aDO-SdBNPcDLCdDLC17aspahger2Código de idioma MARC a831.914bB744v1 aBoso, Felipeq(Felipe Segundo Fernández Alonso),d1924-1983.10aVeintiun poetas alemanes :b1945 a 1975 /cFelipe Boso. aMadrid :bVisor,c1980. a2 v. :bil. ;c20 cm.1 aVisor de poesía ;v95. aLa biblioteca posee el vol. 2. 4aPoesía alemanaySIGLO XX 4aLiteratura alemana 0aVisor de poesía ;v95.